000 00404nam a2200169 i 4500
001 21239
003 ES-MaACL
005 20230906152437.0
007 t|
008 021122s19001920fr ||||1| fre d
100 1 _aAdam, Paul.
_918367
245 1 3 _aLe trust /
_cPaul Adam.
250 _a6e éd.
260 _aParis :
_bHemorlée,
_c[1900?]
300 _a517 p. ;
_c18 cm.
852 _aES-MaACL
_jF-3355
999 _c21239
_d21239